000 00976nam a2200301 i 4500
003 DO-SdBNP
005 20240619140738.0
007 ta
008 240619s1958 dr r 000 0 spa d
040 _aDO-SdBNP
_bspa
_cBNPHU
_erda
082 _a346.7293
_bR426
_222
100 _935398
110 _aRepública Dominicana. [Leyes, etc.]
_911088
245 _aCódigo civil de la República Dominicana :
_bleyes que lo modifican y lo completan /
_cPlinio Terrero Peña
264 1 _aSanto Domingo :
_bDel Caribe
_c1958
300 _a506 páginas ;
_c24 cm.
336 _2rdacontent
_atexto
_btxt
337 _2rdamedia
_asin mediación
_bn
338 _2rdacarrier
_avolumen
_bnc
590 _aInventariado, 2024/ DG
650 4 _aAntropología cultural
_914357
650 4 _aEmigración e inmigración
_zCaribe (Región)
_985631
650 4 _xHistoria
_zRepública Dominicana
650 4 _xHistoria
_zHaití
_985632
710 1 _985633
910 _aDG
942 _2ddc
_cLBS1
999 _c56899
_d56899